| 000 | 00486nam a2200205Ia 4500 | ||
|---|---|---|---|
| 003 | 0100 | ||
| 008 | 130227s9999 xx 000 0 und d | ||
| 040 | _cARRUPELIB | ||
| 050 | _aBX4705.I46A3 2006 | ||
| 100 | _aIlibagiza, Immaculee | ||
| 245 | _aLeft to tell | ||
| 245 | _bdiscovering God amidst the rwandan holocaust | ||
| 260 | _aCalifornia | ||
| 260 | _bHay House | ||
| 260 | _C2006 | ||
| 300 | _axx | ||
| 300 | _b 215p. 23cm. | ||
| 650 | _bChristianity | ||
| 942 |
_2lcc _02 |
||
| 999 |
_c6048 _d6048 |
||